[Event "Athens schev (Women)"]
[Site "Athens"]
[Date "1992.??.??"]
[Round "10"]
[White "Botsari Miladinovic, Anna Maria"]
[Black "Zlatanova, Emilia"]
[Result "1-0"]
[WhiteElo "2305"]
[BlackElo "2110"]

1.d4 Nf6 2.c4 g6 3.Nc3 d5 4.cxd5 Nxd5 5.e4 Nxc3 6.bxc3 Bg7 7.Nf3 c5 8.Rb1 Nc6
9.d5 Ne5 10.Nxe5 Bxe5 11.Bb5+ Bd7 12.Qd2 O-O 13.f4 Qa5 14.fxe5 Bxb5 15.h4 Qa4
16.Qe3 f5 17.Rb2 Ba6 18.h5 Qxe4 19.hxg6 hxg6 20.Qxe4 fxe4 21.g4 Bc4 22.Bg5 Bxd5
23.Rbh2 Rfe8 24.e6  1-0

[Event "Athens schev (Women)"]
[Site "Athens"]
[Date "1992.??.??"]
[Round "12"]
[White "Botsari Miladinovic, Anna Maria"]
[Black "Veroci, Zsuzsa"]
[Result "1/2-1/2"]
[WhiteElo "2305"]
[BlackElo "2310"]

1.d4 Nf6 2.c4 g6 3.Nc3 d5 4.cxd5 Nxd5 5.e4 Nxc3 6.bxc3 Bg7 7.Nf3 c5 8.Rb1 O-O
9.Be2 Nc6 10.d5 Ne5 11.Nxe5 Bxe5 12.c4 e6 13.O-O b6 14.Be3 exd5 15.cxd5 f5
16.f4 Bg7 17.e5 Bb7 18.Bc4 Qd7 19.Qb3 Rfd8 20.Rbd1 Rab8 21.d6+ Kh8 22.e6 Qc6
23.Bd5 Qe8 24.e7 Rxd6 25.Bxb7 Rxd1 26.Rxd1 Qxe7 27.Bf3 c4 28.Qxc4 Qxe3+ 29.Kh1 Re8
30.h3 Qe7  1/2-1/2

[Event "Bad Woerishofen op"]
[Site "Bad Woerishofen"]
[Date "1992.??.??"]
[Round "7"]
[White "Cebalo, Miso"]
[Black "Gutman, Lev"]
[Result "1-0"]
[WhiteElo "2515"]
[BlackElo "2465"]

1.d4 Nf6 2.c4 g6 3.Nc3 d5 4.cxd5 Nxd5 5.e4 Nxc3 6.bxc3 Bg7 7.Nf3 c5 8.Rb1 a6
9.Be2 Qa5 10.O-O Qxa2 11.Bg5 Qa5 12.Qc1 Nd7 13.e5 Qd8 14.Rd1 cxd4 15.Rxd4 h6
16.Bh4 Qc7 17.e6 fxe6 18.Rc4 Qd6 19.Qc2 e5 20.Rd1 Qe6 21.Rc7 Qb6 22.Bc4 Kd8
23.Rcxd7+ Bxd7 24.Qd3 Qc6 25.Bd5 Qd6 26.Qb1 Ra7 27.c4 g5 28.Bg3 g4 29.Nd2 Ba4
30.Ne4 Qc7 31.Be6+ Bxd1 32.Qxd1+ Ke8 33.Qxg4 Bf8 34.Qh5+ Kd8 35.Bxe5 Qc6
36.Qd1+ Ke8 37.Bd5 Qg6 38.Qd4 b6 39.Bxh8 Rd7 40.g3  1-0

[Event "Balatonbereny op"]
[Site "Balatonbereny"]
[Date "1992.??.??"]
[Round "1"]
[White "Gyimesi, Zoltan"]
[Black "Hughes, Philip G"]
[Result "1/2-1/2"]
[WhiteElo "2445"]
[BlackElo "2220"]

1.d4 Nf6 2.c4 g6 3.Nc3 d5 4.cxd5 Nxd5 5.e4 Nxc3 6.bxc3 Bg7 7.Bb5+ c6 8.Ba4 O-O
9.Ne2 e5 10.O-O exd4 11.cxd4 Re8 12.f3 Nd7 13.Rb1 b5 14.Bb3 a5 15.Qc2 Qb6
16.a4 Ba6 17.Be3 b4 18.Rfd1 Nf6 19.Kf2 Nd5 20.Bc4 Nxe3 21.Kxe3 Bb7 22.g4 Rad8
23.g5 Re7 24.Rd2 Red7  1/2-1/2

[Event "Balatonbereny op"]
[Site "Balatonbereny"]
[Date "1992.??.??"]
[Round "2"]
[White "Wells, Peter K"]
[Black "Ruck, Robert"]
[Result "1-0"]
[WhiteElo "2455"]
[BlackElo "2325"]

1.d4 Nf6 2.c4 g6 3.Nc3 d5 4.cxd5 Nxd5 5.e4 Nxc3 6.bxc3 Bg7 7.Nf3 O-O 8.Be2 c5
9.Rb1 cxd4 10.cxd4 Qa5+ 11.Bd2 Qxa2 12.O-O Bd7 13.Rxb7 Bc6 14.Rxe7 Qa3 15.Re5 Bxe5
16.Nxe5 Bxe4 17.Bc4 Nc6 18.Nd7 Qd6 19.Nxf8 Rxf8 20.d5 Bxd5 21.Bg5 Nb4 22.Qd4 Qb6
23.Qc3 f6 24.Bh6 Re8 25.Rb1 Qe6 26.Bf1 Nc6 27.h4 Qe5 28.Qc5 Be4 29.Bc4+ Kh8
30.Rb7 Ne7 31.Bg5 Qa1+ 32.Kh2 Bxb7 33.Qxa7 Qe5+ 34.f4 Qd6 35.Qxb7 fxg5 36.Qb2+  1-0

[Event "Balatonbereny op"]
[Site "Balatonbereny"]
[Date "1992.??.??"]
[Round "7"]
[White "Tregubov, Pavel V"]
[Black "Horvath, Jozsef"]
[Result "1/2-1/2"]
[WhiteElo "2440"]
[BlackElo "2505"]

1.d4 Nf6 2.c4 g6 3.Nc3 d5 4.cxd5 Nxd5 5.e4 Nxc3 6.bxc3 Bg7 7.Be3 c5 8.Qd2 Qa5
9.Rc1 cxd4 10.cxd4 Qxd2+ 11.Kxd2 O-O 12.Nf3 Nc6 13.Bb5 f5 14.exf5 Bxf5 15.Ke2 Be6
16.Bc4 Bxc4+ 17.Rxc4 Rf5 18.Rb1 Rd8 19.a4 Rfd5 20.Rb5 a6 21.Rxd5 Rxd5 22.Kd3 Rd6
23.Rc5 Bxd4 24.Bxd4 e5 25.Rxe5 Rxd4+ 26.Nxd4 Nxe5+ 27.Kc3 Kf7 28.f4 Nd7 29.Nb3 b6
30.Kd4 Ke6 31.g3 Kd6  1/2-1/2

[Event "Balatonbereny op"]
[Site "Balatonbereny"]
[Date "1992.??.??"]
[Round "9"]
[White "Szabo, Zsolt"]
[Black "Hughes, Philip G"]
[Result "1/2-1/2"]
[WhiteElo "2270"]
[BlackElo "2220"]

1.d4 Nf6 2.c4 g6 3.Nc3 d5 4.cxd5 Nxd5 5.e4 Nxc3 6.bxc3 Bg7 7.Nf3 c5 8.Rb1 O-O
9.Be2 cxd4 10.cxd4 Qa5+ 11.Bd2 Qxa2 12.O-O Qe6 13.Qc2 b6 14.Bc4 Qd7 15.Qa2 e6
16.Bb4 Rd8 17.d5 exd5 18.Bxd5 Bb7 19.Rfd1 Na6 20.Bb3 Qe8 21.Bd6 Qxe4 22.Bxf7+ Kh8
23.Bd5 Bxd5 24.Rxd5 Nc7 25.Re5 Qxb1+ 26.Qxb1 Rxd6 27.Re1 Nd5  1/2-1/2

[Event "BUL-chT (Women)"]
[Site "Bankia"]
[Date "1992.??.??"]
[Round "?"]
[White "Koen, Maja"]
[Black "Genova, Ruzka"]
[Result "1/2-1/2"]
[WhiteElo "2225"]
[BlackElo "2185"]

1.d4 Nf6 2.c4 g6 3.Nc3 d5 4.cxd5 Nxd5 5.e4 Nxc3 6.bxc3 Bg7 7.Bc4 O-O 8.Be3 Nc6
9.Qd2 e5 10.d5 Na5 11.Be2 b6 12.Nf3 Qd6 13.O-O Bg4 14.Ne1 Bd7 15.c4 c5 16.Rc1 Nb7
17.Kh1 f5 18.exf5 gxf5 19.f4 e4 20.g3 Qf6 21.Ng2 Nd6 22.Qc2 Rfc8 23.Rb1 Qc3
24.Qxc3 Bxc3 25.h3 Rab8 26.Rbc1 Bb2 27.Rb1 Bg7 28.Rfc1 a6 29.Kh2 Bd4 30.Rd1 Ba4
31.Rdc1 Kf7 32.g4 h6 33.Re1 Bd7 34.gxf5 Bxf5 35.Red1 Bf6 36.Rdc1 Rg8 37.Rb3 Bd4
38.Rd1 Bxe3 39.Nxe3 b5 40.Ra3 Ra8 41.Re1 Kf6 42.Rb3 b4 43.Bg4 h5 44.Nxf5 Nxf5
45.Bxh5 Nd6 46.Bg4 a5 47.Rbe3 a4 48.Bd1 Rge8 49.Bh5  1/2-1/2

[Event "BUL-chT (Women)"]
[Site "Bankia"]
[Date "1992.??.??"]
[Round "?"]
[White "Nestorova Petrova, Lozanka"]
[Black "Savova, Stefka"]
[Result "0-1"]
[WhiteElo "2065"]
[BlackElo "2140"]

1.d4 Nf6 2.c4 g6 3.Nc3 d5 4.cxd5 Nxd5 5.e4 Nxc3 6.bxc3 Bg7 7.Nf3 c5 8.Rb1 O-O
9.Be2 cxd4 10.cxd4 Qa5+ 11.Qd2 Qxd2+ 12.Bxd2 b6 13.Rc1 Bb7 14.Bd3 Ba6 15.Bxa6 Nxa6
16.Ke2 Rac8 17.Rxc8 Rxc8 18.Rc1 Rxc1 19.Bxc1 f5 20.exf5 gxf5 21.Ba3 Bf6 22.Kd3 Nc7
23.Kc4 e6 24.Bd6 Nd5 25.a4 a6 26.Ne1 Kf7 27.Nd3 Ke8 28.Nf4 Nxf4 29.Bxf4 Kd7
30.d5 e5 31.Be3 Bd8 32.f3 Kd6 33.g4 f4 34.Bf2 b5+ 35.axb5 axb5+ 36.Kxb5 Kxd5
37.h3 e4 38.fxe4+ Kxe4 39.Kc4 Kf3 40.Bc5 Kg2 41.Kd3 Kxh3 42.Ke2 Kg2 43.Bd4 Bh4
44.Bc5 f3+ 45.Kd3 Bf2 46.Be7 Bg1 47.Bh4 Bh2  0-1

[Event "Barcelona UGA"]
[Site "Barcelona"]
[Date "1992.??.??"]
[Round "3"]
[White "Campos, Jose Felix"]
[Black "Sanchez Almeyra, Jorge"]
[Result "0-1"]
[WhiteElo "2470"]
[BlackElo "2425"]

1.d4 Nf6 2.c4 g6 3.Nc3 d5 4.cxd5 Nxd5 5.e4 Nxc3 6.bxc3 Bg7 7.Bc4 c5 8.Ne2 Nc6
9.Be3 O-O 10.O-O Qc7 11.Rc1 Rd8 12.Bf4 Qd7 13.d5 Na5 14.Bd3 e5 15.Be3 c4
16.Bc2 Qe7 17.Qd2 b5 18.f4 exf4 19.Bxf4 Nc6 20.Rb1 a6 21.Qe3 Ne5 22.Nd4 Bd7
23.h3 Re8 24.Kh1 Rac8 25.Nf3 Nxf3 26.Qxf3 Qf6 27.e5 Rxe5 28.Bxe5 Qxf3 29.Rxf3 Bxe5
30.g4 f6 31.a4 bxa4 32.Ra1 Rc5 33.Bxa4 Ra5 34.Bxd7 Rxa1+ 35.Kg2 Kf8 36.g5 Ke7
37.gxf6+ Kxd7 38.f7 Ra2+ 39.Kf1 Bg7 40.f8=Q Bxf8 41.Rxf8 a5 42.Ke1 a4 43.Kd1 a3
44.Ra8 Rh2 45.Rxa3 Rxh3  0-1

[Event "Barcelona UGA"]
[Site "Barcelona"]
[Date "1992.??.??"]
[Round "5"]
[White "Pares Vives, Jose"]
[Black "Sanchez Almeyra, Jorge"]
[Result "0-1"]
[WhiteElo "2345"]
[BlackElo "2425"]

1.d4 Nf6 2.c4 g6 3.Nc3 d5 4.cxd5 Nxd5 5.e4 Nxc3 6.bxc3 Bg7 7.Bc4 c5 8.Ne2 Nc6
9.Be3 O-O 10.O-O Bg4 11.f3 Na5 12.Bd3 cxd4 13.cxd4 Be6 14.Qa4 a6 15.d5 Bd7
16.Qb4 Bxa1 17.Bb6 Qe8 18.Rxa1 Bb5 19.Bxa5 Bxd3 20.Nf4 Qb5 21.Qd2 Bc4 22.Bb4 Rfe8
23.e5 Rad8 24.a4 Qb6+ 25.Kh1 Bxd5 26.Nxd5 Rxd5 27.Qxd5 Qxb4 28.e6 f6 29.Qd7 Rb8
30.h3 b5 31.axb5 axb5 32.Rc1 Ra8 33.Qd5 Rb8 34.Qd7 Kf8 35.Kg1 Qd6 36.Rc6 Qb4
37.Rc1 Ra8 38.Qd5 Ra6 39.Qd8+ Kg7 40.Qd7 Qa3 41.Re1 Qb4 42.Re4 Qc5+ 43.Kh2 Ra8
44.f4 Rb8 45.Rd4 Kf8 46.Rd5 Qb6 47.Rd1 b4 48.Rc1 b3 49.Rc6 Qxc6  0-1

[Event "Beersheba"]
[Site "Beersheba"]
[Date "1992.??.??"]
[Round "1"]
[White "Chernin, Alexander"]
[Black "Tseitlin, Mark D"]
[Result "0-1"]
[WhiteElo "2620"]
[BlackElo "2440"]

1.d4 Nf6 2.c4 g6 3.Nc3 d5 4.cxd5 Nxd5 5.e4 Nxc3 6.bxc3 Bg7 7.Nf3 c5 8.Rb1 O-O
9.Be2 Nc6 10.d5 Ne5 11.Nxe5 Bxe5 12.Qd2 e6 13.f4 Bc7 14.O-O exd5 15.exd5 Ba5
16.f5 Bxf5 17.Rxb7 Qf6 18.Rf3 c4 19.Ba3 Rfe8 20.d6 Bb6+ 21.Kh1 Qe6 22.Re7 Rxe7
23.dxe7 Re8 24.Qh6 Rxe7 25.Bxc4 Qe1+ 26.Rf1 Qe3 27.Qxe3 Rxe3 28.Rf3 Re1+
29.Rf1 Re8 30.Bd5 Re3 31.Bb2 Re2 32.Bc1 Be4 33.Bxe4 Rxe4 34.g3 Re2 35.Bh6 f5
36.Rd1 Kf7 37.Rd7+ Ke6 38.Rxh7 Rxa2 39.Bg5 Kd5 40.Rd7+ Ke4 41.Rd1 Kf3 42.c4 Kg4
43.Bf4 g5  0-1

[Event "Belgrade IKO"]
[Site "Belgrade"]
[Date "1992.??.??"]
[Round "1"]
[White "Iashvili, Akaki"]
[Black "Ilincic, Zlatko"]
[Result "0-1"]
[WhiteElo "2455"]
[BlackElo "2445"]

1.d4 Nf6 2.c4 g6 3.Nc3 d5 4.cxd5 Nxd5 5.e4 Nxc3 6.bxc3 Bg7 7.Nf3 O-O 8.Be2 c5
9.Rb1 Nc6 10.d5 Bxc3+ 11.Bd2 Bxd2+ 12.Qxd2 Na5 13.Qc3 b6 14.Rd1 f6 15.h4 Bg4
16.Ng5 Qd7 17.Nxh7 Bxe2 18.Nxf8 Qg4 19.Rd2 Ba6 20.f3 Qg3+ 21.Kd1 Rxf8 22.h5 Nc4
23.Re2 Nd6 24.Rc2 Bb5 25.Rh3 Qg5 26.Rf2 Bd7 27.Rh1 Qg3 28.Qd2 g5 29.Kc1 Nc4
30.Qe2 Qe5  0-1

[Event "Belgrade IKO"]
[Site "Belgrade"]
[Date "1992.??.??"]
[Round "6"]
[White "Shipov, Sergei"]
[Black "Ilincic, Zlatko"]
[Result "1-0"]
[WhiteElo "2490"]
[BlackElo "2445"]

1.d4 Nf6 2.c4 g6 3.Nc3 d5 4.cxd5 Nxd5 5.e4 Nxc3 6.bxc3 Bg7 7.Be3 O-O 8.Nf3 c5
9.Qd2 cxd4 10.cxd4 Nc6 11.Rd1 Bg4 12.Be2 Bxf3 13.Bxf3 e5 14.d5 Nd4 15.Bxd4 exd4
16.O-O Rc8 17.g3 Rc3 18.Bg2 Qc7 19.f4 Rc2 20.Qd3 Rc3 21.Qb1 b6 22.e5 f6 23.d6 Qd7
24.Qe4 Rc5 25.Qxd4 fxe5 26.Bd5+ Kh8 27.fxe5 Rxf1+ 28.Kxf1 Rc2 29.Kg1 Re2
30.Qc4 Rxe5 31.Bc6 Qd8 32.d7 Rf5 33.Qe6 Rf8 34.Qe8 Bf6 35.Rf1 Kg7 36.Re1 Qc7
37.Qe6 b5 38.Qd5 Qb6+ 39.Kh1 Qf2 40.Rd1 b4 41.Bb5 Qb6 42.Re1 Qf2 43.Rf1 Qb6
44.Bc4 a5 45.Kg2 Qd8 46.Bb5 Qe7 47.h4 Qf7 48.Qd2 Qe6 49.Ba4 h5 50.Re1 Qf5
51.Bc2 Qb5 52.Re6 a4 53.Be4 b3 54.axb3 a3 55.Kh2 Rd8 56.Rxf6 Kxf6 57.Qd6+ Kf7
58.Bd5+ Kg7 59.Qe7+ Kh6 60.Qxd8 Qe2+ 61.Bg2  1-0

[Event "Berliner Sommer"]
[Site "Berlin"]
[Date "1992.??.??"]
[Round "?"]
[White "Kishnev, Sergey"]
[Black "Muse, Mladen"]
[Result "1-0"]
[WhiteElo "2530"]
[BlackElo "2470"]

1.d4 Nf6 2.c4 g6 3.Nc3 d5 4.cxd5 Nxd5 5.e4 Nxc3 6.bxc3 Bg7 7.Bb5+ Nd7 8.Ne2 O-O
9.O-O c5 10.Bg5 cxd4 11.cxd4 Nf6 12.Qd3 a6 13.Bc4 b5 14.Bb3 Bb7 15.f3 a5
16.a4 b4 17.d5 Ba6 18.Qe3 h6 19.Bh4 Nd7 20.Rac1 Ne5 21.Rfd1 Qd6 22.Nd4 Rfd8
23.Nc6 Nxc6 24.Rxc6 Qd7 25.e5 g5 26.Bg3 Qa7 27.Qxa7 Rxa7 28.d6 exd6 29.exd6 Bc8
30.Bf2 Rb7  1-0

[Event "Berliner Sommer"]
[Site "Berlin"]
[Date "1992.??.??"]
[Round "?"]
[White "Shneider, Aleksandr"]
[Black "Urban, Klaudiusz"]
[Result "1-0"]
[WhiteElo "2545"]
[BlackElo "2455"]

1.d4 Nf6 2.c4 g6 3.Nc3 d5 4.cxd5 Nxd5 5.e4 Nxc3 6.bxc3 Bg7 7.Nf3 c5 8.Rb1 O-O
9.Be2 cxd4 10.cxd4 Qa5+ 11.Bd2 Qxa2 12.O-O Qe6 13.Qc2 Qc6 14.Qd3 Qd6 15.Bb4 Qd8
16.d5 Bg4 17.Qa3 Re8 18.Bb5 Nd7 19.Ba5 b6 20.Bd2 a6 21.Bc6 Ra7 22.Ng5 Rf8
23.h3 Be2 24.Rfe1 Bc4 25.Be3 Rc7 26.Nf3 e6 27.Bf4 Rc8 28.Rbd1 exd5 29.Bxd5 Bxd5
30.Rxd5 Rc3 31.Qxa6 Nc5 32.Qe2 Qc8 33.Be5 Bxe5 34.Nxe5 Qe6 35.Qd2 Ra3 36.Ng4 h5
37.Rd6 Ra2 38.Qf4 Qe7 39.Nf6+ Kg7 40.e5 Ne6 41.Qg3 Rh8 42.h4 b5 43.Red1 Ra7
44.f4 b4 45.f5 Ra3 46.Qf2 Qa7 47.Qxa7 Rxa7 48.fxg6 b3 49.Rb6 fxg6 50.Rxb3 Ra5
51.Re3 Rb8 52.Rd7+ Kh6 53.Rh7+  1-0

[Event "Berliner Sommer"]
[Site "Berlin"]
[Date "1992.??.??"]
[Round "?"]
[White "Agnos, Demetrios"]
[Black "Lehmann, Karl Heinz"]
[Result "1-0"]
[WhiteElo "2410"]
[BlackElo "2350"]

1.d4 Nf6 2.c4 g6 3.Nc3 d5 4.cxd5 Nxd5 5.e4 Nxc3 6.bxc3 Bg7 7.Bc4 O-O 8.Ne2 Nc6
9.O-O b6 10.Be3 Bb7 11.f3 Na5 12.Bd3 Qd7 13.Qd2 c5 14.Bh6 cxd4 15.Bxg7 Kxg7
16.cxd4 Rac8 17.d5 e6 18.f4 f5 19.Nd4 exd5 20.exf5 gxf5 21.Rae1 Nc6 22.Bb5 Rf6
23.Re5 Qf7 24.Ba6 Bxa6 25.Rfe1 Kg8 26.Re7 Qh5 27.Nxc6 Rfxc6 28.Qxd5+  1-0

[Event "Berliner Sommer"]
[Site "Berlin"]
[Date "1992.??.??"]
[Round "?"]
[White "Reinemer, Frank"]
[Black "Muse, Mladen"]
[Result "0-1"]
[WhiteElo "2295"]
[BlackElo "2470"]

1.d4 Nf6 2.c4 g6 3.Nc3 d5 4.cxd5 Nxd5 5.e4 Nxc3 6.bxc3 Bg7 7.Bc4 O-O 8.Ne2 Qd7
9.Be3 Qg4 10.Ng3 Qxd1+ 11.Rxd1 c5 12.h4 h5 13.e5 Nc6 14.O-O Na5 15.Bd3 Be6
16.Bb1 cxd4 17.cxd4 Rfd8 18.f4 Nc4 19.Bf2 Bg4 20.Rc1 Nd2 21.Rfe1 Nxb1 22.Rxb1 b6
23.Rbc1 Rac8 24.Be3 Be6 25.a3 Bf8 26.Rxc8 Rxc8 27.Rc1 Rc4 28.Rxc4 Bxc4 29.Ne4 Bd3
30.Nc3 e6 31.Bc1 b5 32.Kf2 b4 33.axb4 Bxb4 34.Bb2 a5 35.Ke3 Bc4 36.Kd2 a4
37.Kc2 a3 38.Ba1 Kf8 39.g3 Ke7 40.Ne4 Bd5 41.Nc3 Kd7 42.Kd3 Kc6 43.Kc2 Bc4
44.Kd2 Ba5 45.Ke3 Bb4 46.Kd2 Kb6 47.Kc2 Bd5 48.Kd3 Ka5 49.Kc2 Be7 50.Nd1 Kb4  0-1

[Event "Bethune op"]
[Site "Bethune"]
[Date "1992.??.??"]
[Round "?"]
[White "Shevelev, Sergei"]
[Black "Pytel, Krzysztof"]
[Result "1-0"]
[WhiteElo "2385"]
[BlackElo "2420"]

1.d4 Nf6 2.c4 g6 3.Nc3 d5 4.cxd5 Nxd5 5.e4 Nxc3 6.bxc3 Bg7 7.Bb5+ c6 8.Ba4 O-O
9.Ne2 c5 10.O-O cxd4 11.cxd4 Nc6 12.Be3 Bd7 13.Rb1 Na5 14.Bc2 e6 15.Bd3 a6
16.Qd2 Rc8 17.Bg5 f6 18.Bh6 b5 19.Bxg7 Kxg7 20.Qf4 Qc7 21.Qh4 Qd6 22.Rbd1 Nc4
23.e5 Qb4 24.exf6+ Rxf6 25.Ng3 Bc6 26.Qg4 Kh8 27.Be4 Qf8 28.Bxc6 Rxc6 29.Qe2 Qd8
30.Rd3 Rf4 31.Ne4 Rf5 32.Rfd1 Nb6 33.Ng3 Rd5 34.Rf3 Kg8 35.Qe4 Nd7 36.h3 Ne5
37.Re3 Nf7 38.Kh2 e5 39.dxe5 Rcc5 40.Rxd5 Qxd5 41.e6 Nd6 42.e7  1-0

[Event "Biel op"]
[Site "Biel"]
[Date "1992.??.??"]
[Round "2"]
[White "Gurevich, Dmitry"]
[Black "Gluckman, David"]
[Result "0-1"]
[WhiteElo "2490"]
[BlackElo "2330"]

1.d4 Nf6 2.c4 g6 3.Nc3 d5 4.cxd5 Nxd5 5.e4 Nxc3 6.bxc3 Bg7 7.Bb5+ c6 8.Ba4 O-O
9.Ne2 Nd7 10.O-O Kh8 11.h4 Qa5 12.e5 f6 13.Nf4 fxe5 14.Nxg6+ hxg6 15.h5 exd4
16.hxg6 Nf6 17.cxd4 Qh5 18.f3 Ng4  0-1

[Event "Bled op"]
[Site "Bled"]
[Date "1992.??.??"]
[Round "4"]
[White "Jelen, Iztok"]
[Black "Mikhalchishin, Adrian"]
[Result "1-0"]
[WhiteElo "2425"]
[BlackElo "2530"]

1.d4 Nf6 2.c4 g6 3.Nc3 d5 4.cxd5 Nxd5 5.e4 Nxc3 6.bxc3 Bg7 7.Be3 O-O 8.Qd2 c5
9.Nf3 Bg4 10.Ng5 cxd4 11.cxd4 Nc6 12.h3 Bd7 13.Nf3 Rc8 14.Rb1 Na5 15.Be2 Be6
16.O-O Bc4 17.d5 b6 18.Rbd1 Qd6 19.Bd4 Rfd8 20.Bxg7 Kxg7 21.Bxc4 Nxc4 22.Qc3+ Kg8
23.Nd4 e5 24.dxe6 Qe5 25.exf7+ Kxf7 26.Qf3+ Kg8 27.Nc6 Rxd1 28.Rxd1 Qc7 29.Qf6 Re8
30.f4 a5 31.e5 Ne3 32.Rd8 Rxd8 33.Ne7+ Qxe7 34.Qxe7 Rd2 35.e6 Rxg2+ 36.Kh1  1-0

[Event "Bratislava op"]
[Site "Bratislava"]
[Date "1992.??.??"]
[Round "1"]
[White "Dydyshko, Viacheslav"]
[Black "Mudrochova, Helena"]
[Result "1-0"]
[WhiteElo "2505"]
[BlackElo "2210"]

1.d4 Nf6 2.c4 g6 3.Nc3 d5 4.cxd5 Nxd5 5.e4 Nxc3 6.bxc3 Bg7 7.Bb5+ c6 8.Ba4 O-O
9.Ne2 Qc7 10.O-O Nd7 11.Be3 b5 12.Bb3 c5 13.a4 b4 14.Rc1 bxc3 15.Nxc3 cxd4
16.Nb5 Qd8 17.Bxd4 Bxd4 18.Qxd4 Nf6 19.e5 Nh5 20.Bd5 Rb8 21.Rfd1 e6 22.Bf3 Qxd4
23.Rxd4 a6 24.Nd6 Ng7 25.g4 Rd8 26.Rcd1 Ne8 27.Nxe8 Rxe8 28.Rd8 Rf8 29.Bc6 Rxd8
30.Rxd8+ Kg7 31.Kg2 f6 32.exf6+ Kxf6 33.Kg3 Rb3+ 34.f3  1-0

[Event "Brno"]
[Site "Brno"]
[Date "1992.??.??"]
[Round "9"]
[White "Sakaev, Konstantin"]
[Black "Kortschnoj, Viktor"]
[Result "1/2-1/2"]
[WhiteElo "2540"]
[BlackElo "2575"]

1.d4 Nf6 2.c4 g6 3.Nc3 d5 4.cxd5 Nxd5 5.e4 Nxc3 6.bxc3 Bg7 7.Nf3 c5 8.Rb1 O-O
9.Be2 cxd4 10.cxd4 Qa5+ 11.Bd2 Qxa2 12.O-O Nd7 13.Bb4 Nf6 14.Ne5  1/2-1/2

[Event "Bucaramanga"]
[Site "Bucaramanga"]
[Date "1992.??.??"]
[Round "7"]
[White "Garcia Palermo, Carlos"]
[Black "Henao, Raul Fernando"]
[Result "1-0"]
[WhiteElo "2465"]
[BlackElo "2390"]

1.d4 Nf6 2.c4 g6 3.Nc3 d5 4.cxd5 Nxd5 5.e4 Nxc3 6.bxc3 Bg7 7.Bc4 c5 8.Ne2 Nc6
9.Be3 O-O 10.Rc1 cxd4 11.cxd4 Qa5+ 12.Kf1 Bd7 13.f3 Rfc8 14.Kf2 Nd8 15.Qd3 b5
16.Bb3 b4 17.Bc4 e6 18.h4 Nb7 19.e5 Qd8 20.Bg5 Qb6 21.h5 Na5 22.hxg6 hxg6
23.Qe4 Nxc4 24.Qh4  1-0

[Event "Budapest GM"]
[Site "Budapest"]
[Date "1992.??.??"]
[Round "?"]
[White "Tunik, Gennady"]
[Black "Hoffmann, Michael"]
[Result "1/2-1/2"]
[WhiteElo "2450"]
[BlackElo "2455"]

1.d4 Nf6 2.c4 g6 3.Nc3 d5 4.cxd5 Nxd5 5.e4 Nxc3 6.bxc3 Bg7 7.Qa4+ Qd7 8.Qxd7+ Bxd7
9.Be3 c5 10.Rc1 O-O 11.Nf3 e6 12.Bd3 Bc6 13.Ke2 Nd7 14.Nd2 Rfd8 15.Nc4 cxd4
16.cxd4 f5 17.Na5 fxe4 18.Ba6 Rab8 19.Rb1 Nb6 20.Nxc6 bxc6 21.Rhc1 Bxd4 22.Rxc6 Bxe3
23.fxe3 Nd5 24.Rb3 Kf7 25.Bc4 Rxb3 26.Bxb3 Ke7 27.Ra6 Rd7 28.Kf2 Kf6 29.Bxd5 Rxd5
30.Rxa7 Rd2+ 31.Kg3 Re2 32.Kf4 h5 33.g3 Rxh2 34.Kxe4 g5 35.Ra8 h4 36.gxh4 gxh4  1/2-1/2

[Event "Budapest GM"]
[Site "Budapest"]
[Date "1992.??.??"]
[Round "?"]
[White "Tunik, Gennady"]
[Black "Atalik, Suat"]
[Result "1/2-1/2"]
[WhiteElo "2450"]
[BlackElo "2455"]

1.d4 Nf6 2.c4 g6 3.Nc3 d5 4.cxd5 Nxd5 5.e4 Nxc3 6.bxc3 Bg7 7.Be3 c5 8.Qd2 Qa5
9.Rb1 b6 10.Bb5+ Bd7 11.Bd3 Nc6 12.Nf3 O-O 13.Rc1 e6 14.d5 exd5 15.exd5 Ne5
16.Nxe5 Bxe5 17.c4 Qxd2+ 18.Kxd2 f5 19.f4 Bf6 20.Rhe1 Rfe8 21.Bf2 Kf7 22.g3 Rxe1
23.Rxe1 Re8 24.Rc1 Ke7 25.Bc2 Kd6 26.a4 Bd4 27.Bxd4 cxd4 28.a5 Kc5 29.Bd3 Ba4
30.Ra1 Bb3 31.axb6 axb6 32.Ra7 Rc8 33.Rxh7 Bxc4 34.Bxc4 Kxc4 35.Rb7 Kxd5
36.Rxb6 Ra8 37.Rxg6 Ra2+ 38.Kd3 Ra3+ 39.Ke2 Ra2+ 40.Kd3 Ra3+  1/2-1/2

[Event "Spring op"]
[Site "Budapest"]
[Date "1992.??.??"]
[Round "?"]
[White "Dobos, Jozsef"]
[Black "Groszpeter, Attila"]
[Result "1/2-1/2"]
[WhiteElo "2365"]
[BlackElo "2495"]

1.d4 Nf6 2.c4 g6 3.Nc3 d5 4.cxd5 Nxd5 5.e4 Nxc3 6.bxc3 Bg7 7.Bc4 c5 8.Ne2 Nc6
9.Be3 O-O 10.O-O Qc7 11.Rc1 Rd8 12.Bf4 Qd7 13.d5 Na5 14.Bb3 b5 15.Be3 Qc7
16.c4 bxc4 17.Bxc4  1/2-1/2

[Event "Budapest GM"]
[Site "Budapest"]
[Date "1992.??.??"]
[Round "?"]
[White "Lukacs, Peter"]
[Black "Horvath, Csaba"]
[Result "1/2-1/2"]
[WhiteElo "2490"]
[BlackElo "2485"]

1.d4 Nf6 2.c4 g6 3.Nc3 d5 4.cxd5 Nxd5 5.e4 Nxc3 6.bxc3 Bg7 7.Bc4 c5 8.Ne2 Nc6
9.Be3 O-O 10.O-O Bg4 11.f3 Na5 12.Bxf7+ Rxf7 13.fxg4 Rxf1+ 14.Kxf1 Qd6 15.e5 Qd5
16.g5 Qe4 17.Bf2 Rf8 18.Ng1 Nc4 19.Nf3 Ne3+ 20.Bxe3 Qxe3 21.Qb3+ Kh8 22.Re1 Qxg5
23.Qxb7 Qd2 24.Qxe7 Qd3+ 25.Re2 cxd4 26.cxd4 Qd1+ 27.Re1 Rxf3+ 28.gxf3 Qxf3+
29.Kg1 Qg4+  1/2-1/2

[Event "Spring op"]
[Site "Budapest"]
[Date "1992.??.??"]
[Round "?"]
[White "Tunik, Gennady"]
[Black "Dekic, Josip"]
[Result "1/2-1/2"]
[WhiteElo "2450"]
[BlackElo "2260"]

1.d4 Nf6 2.c4 g6 3.Nc3 d5 4.cxd5 Nxd5 5.e4 Nxc3 6.bxc3 Bg7 7.Be3 c5 8.Qd2 Qa5
9.Rb1 b6 10.Bb5+ Bd7 11.Bxd7+ Nxd7 12.Ne2 O-O 13.O-O Rfd8 14.d5 Ne5 15.Bg5 Rd7
16.Qc2 h6 17.Bf4 Nc4 18.Rbd1 Rad8 19.h4 b5 20.h5 g5 21.Bc1 e6 22.f4 gxf4
23.Bxf4 exd5 24.exd5 Rxd5 25.Rxd5 Rxd5 26.Qe4 Qd8 27.a4 a6 28.axb5 axb5 29.Rf3 Rd1+
30.Kh2 Nd2 31.Bxd2 Rxd2 32.Ng3 Qd5 33.Qe8+ Kh7 34.Qxf7 Qxf7 35.Rxf7 Kg8 36.Rf5 b4
37.cxb4 cxb4 38.Rb5 b3 39.Rxb3 Be5 40.Kh3 Bxg3 41.Kxg3 Rd5 42.Kh4 Rd4+ 43.g4 Rd7
44.Kg3 Kg7 45.Rb5 Rf7 46.Rf5 Ra7  1/2-1/2

[Event "Spring op"]
[Site "Budapest"]
[Date "1992.??.??"]
[Round "?"]
[White "Papagorasz, Takisz"]
[Black "Shmuter, Leonid"]
[Result "0-1"]
[WhiteElo "2265"]
[BlackElo "2435"]

1.d4 Nf6 2.c4 g6 3.Nc3 d5 4.cxd5 Nxd5 5.e4 Nxc3 6.bxc3 Bg7 7.Nf3 c5 8.Rb1 O-O
9.Be2 cxd4 10.cxd4 Qa5+ 11.Qd2 Qxd2+ 12.Bxd2 e6 13.O-O b6 14.Bb4 Rd8 15.Bb5 Bd7
16.Bxd7 Rxd7 17.Rfc1 Na6 18.Bc3 Bh6 19.Rd1 Rc8 20.Bd2 Bxd2 21.Rxd2 f6 22.Kf1 Rc4
23.Re1 Nc7 24.g4 g5 25.e5 Rc3 26.Kg2 Kf7 27.h4 h6 28.exf6 Kxf6 29.hxg5+ hxg5
30.Ne5 Rh7 31.Re3 Nd5 32.Rxc3 Nxc3 33.Rc2 Nd5 34.Nd3 Rh4 35.Kg3 Rh1 36.f4 Rg1+
37.Kf3 gxf4 38.Ne5 Rg3+ 39.Kf2 Nc3 40.Rc1 Ne4+ 41.Ke2 Re3+ 42.Kf1 Rc3 43.Re1 Ng5
44.Re2 f3 45.Rh2 Ne4  0-1

[Event "Budapest ExpFS"]
[Site "Budapest"]
[Date "1992.??.??"]
[Round "?"]
[White "Lukacs, Peter"]
[Black "Adorjan, Andras"]
[Result "1/2-1/2"]
[WhiteElo "2455"]
[BlackElo "2550"]

1.d4 Nf6 2.c4 g6 3.Nc3 d5 4.cxd5 Nxd5 5.e4 Nxc3 6.bxc3 Bg7 7.Bc4 c5 8.Ne2 Nc6
9.Be3 O-O 10.O-O Qc7 11.Rc1 Rd8 12.Qd2 a6 13.Bh6 Bh8 14.Qe3 b5 15.Bb3 Bb7
16.f4 Na5  1/2-1/2

[Event "Elekes mem"]
[Site "Budapest"]
[Date "1992.??.??"]
[Round "2"]
[White "Lukacs, Peter"]
[Black "Hardicsay, Peter"]
[Result "1-0"]
[WhiteElo "2490"]
[BlackElo "2355"]

1.d4 Nf6 2.c4 g6 3.Nc3 d5 4.cxd5 Nxd5 5.e4 Nxc3 6.bxc3 Bg7 7.Bc4 c5 8.Ne2 Nc6
9.Be3 O-O 10.O-O Qc7 11.Rb1 Rd8 12.Bf4 e5 13.Bg5 Rd7 14.d5 h6 15.Be3 Na5
16.Bd3 c4 17.Bc2 b6 18.Qd2 Kh7 19.f4 f6 20.Rf3 Qd6 21.Rbf1 Re7 22.Qe1 Bg4
23.Rg3 Bd7 24.Rgf3 Bg4 25.R3f2 Nb7 26.h3 Bd7 27.fxe5 fxe5 28.Rf3 Ree8 29.Rf7 g5
30.Ng3 Nd8 31.R7f2 Qg6 32.Bd1 g4 33.hxg4 Bxg4 34.Bxg4 Qxg4 35.Nf5 Rg8 36.Bd2 Bf8
37.Qe3 Rg6 38.Qe1 Bc5 39.Be3 Bxe3 40.Qxe3 Qg5 41.Qxg5 Rxg5 42.Nd6  1-0

[Event "Elekes mem"]
[Site "Budapest"]
[Date "1992.??.??"]
[Round "4"]
[White "Lukacs, Peter"]
[Black "Holzke, Frank"]
[Result "1-0"]
[WhiteElo "2490"]
[BlackElo "2395"]

1.d4 Nf6 2.c4 g6 3.Nc3 d5 4.cxd5 Nxd5 5.e4 Nxc3 6.bxc3 Bg7 7.Bc4 c5 8.Ne2 O-O
9.O-O Nc6 10.Be3 Qc7 11.Rc1 Rd8 12.Qd2 Qa5 13.Qb2 b6 14.Qb3 e6 15.Rfd1 Ba6
16.a4 Rac8 17.Kf1 cxd4 18.cxd4 Qb4 19.Qa2 Bxc4 20.Rxc4 Qd6 21.Rdc1 h6 22.f3 Ne7
23.Bf4 e5 24.Bg3 Rxc4 25.Rxc4 Qd7 26.d5 Rc8 27.Nc3 Kf8 28.Ke2 Ke8 29.Kd3 Nc6
30.Qb2 Nd4 31.Rxc8+ Qxc8 32.Nb5 Qa6 33.Qc3 Nxb5 34.Qc6+ Kd8 35.Qxb5 Qxb5+
36.axb5 Kd7 37.f4 f6 38.f5 gxf5 39.exf5 Kd6 40.Kc4 h5 41.Be1 Bh6 42.Bb4+ Kd7
43.Kd3 Bf4 44.g3 Bh6 45.Ke4 Bg7 46.Kf3 Bh6 47.h3 Bg7 48.g4 hxg4+ 49.Kxg4 Bh6
50.Kf3 Bg7 51.Ke4 Bh6 52.h4 Bc1 53.h5 Bh6 54.Be1 Ke7 55.Bf2 Bf8 56.Be3 Kf7
57.Kd3  1-0